<?xml version="1.0" encoding="UTF-8"?>
<record
    xmlns:xsi="http://www.w3.org/2001/XMLSchema-instance"
    xsi:schemaLocation="http://www.loc.gov/MARC21/slim http://www.loc.gov/standards/marcxml/schema/MARC21slim.xsd"
    xmlns="http://www.loc.gov/MARC21/slim">

  <leader>03290njm a2200529Ia 4500</leader>
  <controlfield tag="001">37795</controlfield>
  <controlfield tag="003">IT-RoPAU</controlfield>
  <controlfield tag="005">20220918181111.0</controlfield>
  <controlfield tag="008">131025s9999    xx            000 0 und d</controlfield>
  <datafield tag="040" ind1=" " ind2=" ">
    <subfield code="a">IT-RoPAU</subfield>
  </datafield>
  <datafield tag="040" ind1=" " ind2=" ">
    <subfield code="c">IT-RoPAU</subfield>
  </datafield>
  <datafield tag="999" ind1=" " ind2=" ">
    <subfield code="c">98993</subfield>
    <subfield code="d">98993</subfield>
  </datafield>
  <datafield tag="999" ind1=" " ind2=" ">
    <subfield code="b">n.d.</subfield>
  </datafield>
  <datafield tag="100" ind1=" " ind2=" ">
    <subfield code="a">AA.VV.</subfield>
    <subfield code="9">794</subfield>
  </datafield>
  <datafield tag="100" ind1=" " ind2=" ">
    <subfield code="e">Autore musica</subfield>
    <subfield code="9">19910</subfield>
  </datafield>
  <datafield tag="100" ind1=" " ind2=" ">
    <subfield code="g">Codice autore musica SPICS: 12000</subfield>
    <subfield code="9">796</subfield>
  </datafield>
  <datafield tag="245" ind1=" " ind2=" ">
    <subfield code="a">Goes To Hollywood</subfield>
  </datafield>
  <datafield tag="250" ind1=" " ind2=" ">
    <subfield code="a">1a ed.</subfield>
  </datafield>
  <datafield tag="260" ind1=" " ind2=" ">
    <subfield code="a">ROMA</subfield>
  </datafield>
  <datafield tag="260" ind1=" " ind2=" ">
    <subfield code="b">RCA (RADIO CORP. AMERICA)</subfield>
    <subfield code="c">1986 [1a Ed.:1986 - Ed. Lingua Orig.: 1986]</subfield>
  </datafield>
  <datafield tag="300" ind1=" " ind2=" ">
    <subfield code="a">DISCO</subfield>
  </datafield>
  <datafield tag="300" ind1=" " ind2=" ">
    <subfield code="c">41 minuti (Testo:  pag.)</subfield>
  </datafield>
  <datafield tag="500" ind1=" " ind2=" ">
    <subfield code="a">Musica strumentale: pianoforte. Arrangiamento </subfield>
  </datafield>
  <datafield tag="505" ind1=" " ind2=" ">
    <subfield code="a">We Are the World (3:00) - Think of Laura (3:00) - Time After Time (4:00) - Dust In the Wind (4:00) - Strangers In Paradise (3:00) - The Shadow of Your Smile (4:00) - The Way I Loved You (3:00) - I Just Called To Say I Love You (4:00) - Stuck On You (4:00) - I Want To Know What Love Is (4:00) - This Guy's In Love With You (3:00) - Perhaps Love (3:00) - As Time Goes By (3:00) - Harmony (4:00)</subfield>
  </datafield>
  <datafield tag="650" ind1=" " ind2=" ">
    <subfield code="a">ARRANGIAMENTO [DISCHI]</subfield>
    <subfield code="e">Codice MATERIA SPICS: 9950</subfield>
    <subfield code="9">19911</subfield>
  </datafield>
  <datafield tag="700" ind1=" " ind2=" ">
    <subfield code="a">Clayderman Richard</subfield>
    <subfield code="e">Interprete</subfield>
    <subfield code="g">Codice interprete SPICS: 7953</subfield>
    <subfield code="9">19912</subfield>
  </datafield>
  <datafield tag="700" ind1=" " ind2=" ">
    <subfield code="a">Clayderman Richard</subfield>
    <subfield code="g">Codice autore SPICS: 7953</subfield>
    <subfield code="e">Autore</subfield>
    <subfield code="9">19913</subfield>
  </datafield>
  <datafield tag="700" ind1=" " ind2=" ">
    <subfield code="a">Jackson Michael</subfield>
    <subfield code="g">Codice autore musica SPICS: 11497</subfield>
    <subfield code="e">Autore musica</subfield>
    <subfield code="p">We Are the World</subfield>
    <subfield code="9">19914</subfield>
  </datafield>
  <datafield tag="700" ind1=" " ind2=" ">
    <subfield code="a">Richie L.</subfield>
    <subfield code="g">Codice autore SPICS: 17434</subfield>
    <subfield code="e">Autore</subfield>
    <subfield code="p">We Are the World</subfield>
    <subfield code="9">19915</subfield>
  </datafield>
  <datafield tag="700" ind1=" " ind2=" ">
    <subfield code="a">Cross C.</subfield>
    <subfield code="g">Codice autore musica SPICS: 17435</subfield>
    <subfield code="e">Autore musica</subfield>
    <subfield code="p">Think of Laura</subfield>
    <subfield code="9">19916</subfield>
  </datafield>
  <datafield tag="700" ind1=" " ind2=" ">
    <subfield code="a">Lauper Cyndi</subfield>
    <subfield code="g">Codice autore musica SPICS: 17436</subfield>
    <subfield code="e">Autore musica</subfield>
    <subfield code="p">Time After Time</subfield>
    <subfield code="9">19917</subfield>
  </datafield>
  <datafield tag="700" ind1=" " ind2=" ">
    <subfield code="a">Hyman R.</subfield>
    <subfield code="g">Codice autore SPICS: 17437</subfield>
    <subfield code="e">Autore</subfield>
    <subfield code="p">Time After Time</subfield>
    <subfield code="9">19918</subfield>
  </datafield>
  <datafield tag="700" ind1=" " ind2=" ">
    <subfield code="a">Livgren K.</subfield>
    <subfield code="g">Codice autore musica SPICS: 17438</subfield>
    <subfield code="e">Autore musica</subfield>
    <subfield code="p">Dust In the Wind</subfield>
    <subfield code="9">19919</subfield>
  </datafield>
  <datafield tag="700" ind1=" " ind2=" ">
    <subfield code="a">Forrest G.</subfield>
    <subfield code="g">Codice autore musica SPICS: 17439</subfield>
    <subfield code="e">Autore musica</subfield>
    <subfield code="p">Strangers In Paradise</subfield>
    <subfield code="9">19920</subfield>
  </datafield>
  <datafield tag="700" ind1=" " ind2=" ">
    <subfield code="a">Wright Robert</subfield>
    <subfield code="g">Codice autore SPICS: 17440</subfield>
    <subfield code="e">Autore</subfield>
    <subfield code="p">Strangers In Paradise</subfield>
    <subfield code="9">19921</subfield>
  </datafield>
  <datafield tag="700" ind1=" " ind2=" ">
    <subfield code="a">Webster Frank</subfield>
    <subfield code="g">Codice autore musica SPICS: 6055</subfield>
    <subfield code="e">Autore musica</subfield>
    <subfield code="p">The Shadow of Your Smile</subfield>
    <subfield code="9">19922</subfield>
  </datafield>
  <datafield tag="700" ind1=" " ind2=" ">
    <subfield code="a">Mandel Johnny</subfield>
    <subfield code="g">Codice autore SPICS: 11004</subfield>
    <subfield code="e">Autore</subfield>
    <subfield code="p">The Shadow of Your Smile</subfield>
    <subfield code="9">19923</subfield>
  </datafield>
  <datafield tag="700" ind1=" " ind2=" ">
    <subfield code="a">Toussaint Olivier</subfield>
    <subfield code="g">Codice autore musica SPICS: 14363</subfield>
    <subfield code="e">Autore musica</subfield>
    <subfield code="p">The Way I Loved You</subfield>
    <subfield code="9">19924</subfield>
  </datafield>
  <datafield tag="700" ind1=" " ind2=" ">
    <subfield code="a">Wonder (Stevie) St.</subfield>
    <subfield code="g">Codice autore musica SPICS: 11163</subfield>
    <subfield code="e">Autore musica</subfield>
    <subfield code="p">I Just Called To Say I Love You</subfield>
    <subfield code="9">19925</subfield>
  </datafield>
  <datafield tag="700" ind1=" " ind2=" ">
    <subfield code="a">Richie L.</subfield>
    <subfield code="g">Codice autore musica SPICS: 17434</subfield>
    <subfield code="e">Autore musica</subfield>
    <subfield code="p">Stuck On You</subfield>
    <subfield code="9">19926</subfield>
  </datafield>
  <datafield tag="700" ind1=" " ind2=" ">
    <subfield code="a">Jones M.</subfield>
    <subfield code="g">Codice autore musica SPICS: 17441</subfield>
    <subfield code="e">Autore musica</subfield>
    <subfield code="p">I Want To Know What Love Is</subfield>
    <subfield code="9">19927</subfield>
  </datafield>
  <datafield tag="700" ind1=" " ind2=" ">
    <subfield code="a">David Hal</subfield>
    <subfield code="g">Codice autore musica SPICS: 16108</subfield>
    <subfield code="e">Autore musica</subfield>
    <subfield code="p">This Guy's In Love With You</subfield>
    <subfield code="9">19928</subfield>
  </datafield>
  <datafield tag="700" ind1=" " ind2=" ">
    <subfield code="a">Bacharach Burt</subfield>
    <subfield code="g">Codice autore SPICS: 10740</subfield>
    <subfield code="e">Autore</subfield>
    <subfield code="p">This Guy's In Love With You</subfield>
    <subfield code="9">19929</subfield>
  </datafield>
  <datafield tag="700" ind1=" " ind2=" ">
    <subfield code="a">Denver John</subfield>
    <subfield code="g">Codice autore musica SPICS: 16459</subfield>
    <subfield code="e">Autore musica</subfield>
    <subfield code="p">Perhaps Love</subfield>
    <subfield code="9">19930</subfield>
  </datafield>
  <datafield tag="700" ind1=" " ind2=" ">
    <subfield code="a">Hupfeld Herman</subfield>
    <subfield code="g">Codice autore musica SPICS: 17443</subfield>
    <subfield code="e">Autore musica</subfield>
    <subfield code="p">As Time Goes By</subfield>
    <subfield code="9">19931</subfield>
  </datafield>
  <datafield tag="700" ind1=" " ind2=" ">
    <subfield code="a">Senneville Paul De</subfield>
    <subfield code="g">Codice autore musica SPICS: 14362</subfield>
    <subfield code="e">Autore musica</subfield>
    <subfield code="p">Harmony</subfield>
    <subfield code="9">19932</subfield>
  </datafield>
  <datafield tag="942" ind1=" " ind2=" ">
    <subfield code="c">MD</subfield>
    <subfield code="2">ddc</subfield>
  </datafield>
  <datafield tag="952" ind1=" " ind2=" ">
    <subfield code="0">0</subfield>
    <subfield code="1">0</subfield>
    <subfield code="4">0</subfield>
    <subfield code="6">37795_000000000000000</subfield>
    <subfield code="7">1</subfield>
    <subfield code="a">SPICS</subfield>
    <subfield code="b">SPICS</subfield>
    <subfield code="d">2013-10-25</subfield>
    <subfield code="l">0</subfield>
    <subfield code="o">37795</subfield>
    <subfield code="r">2013-10-25 00:00:00</subfield>
    <subfield code="w">2013-10-25</subfield>
    <subfield code="y">MD</subfield>
    <subfield code="z">Progr. Ins.: 13620 / N.Vol.: 1 / Copie: 1 - Copia rara: n.d. / date import: 01.01.2014 - By Epidotti, Trombetti, Vaglietti</subfield>
  </datafield>
</record>
